| 000 | 00622nam a2200205 a 4500 | ||
|---|---|---|---|
| 001 | 17639 | ||
| 003 | CO-ViMGA | ||
| 008 | 141112s2004 ck r 000 u spa d | ||
| 020 | _a958300653X | ||
| 040 |
_aCO-ViMGA _bspa _cCO-ViMGA |
||
| 082 | _aR 794.1 G734a | ||
| 100 | 1 |
_aGreiff, Boris de _911472 |
|
| 245 | 1 | 0 | _aAjedrez |
| 260 |
_aBogotá, _cPanAméricana, _c2002 |
||
| 300 | _a100.p. | ||
| 500 | _aLeyes aprobadas en el congreso de FIDE en 2000 en Estambul , Turquía. | ||
| 590 | _aForma de adquisición : Premio - Mincultura | ||
| 650 | 1 | 4 |
_aAJEDREZ - REGLAMENTO 2000AJEDREZ - ENSEÑANZA _911473 |
| 942 |
_2ddc _cBK |
||
| 999 |
_c11545 _d11545 |
||